000 00556nam a2200181Ia 4500
005 20250508162727.0
008 008 250505s9999 xx 000 0 eng d
037 _aTextual
040 _aFEDL
_beng
_cFEDL
041 _aeng
_2eng
084 _a309.54, MAD
_qFEDL
100 _aMadan G. R.
245 0 _aIndian social problems : Social disorganization and reconstruction. Vol 2
260 _aNew Delhi, India
_bAllied Publishers Private Limited
_c1986
300 _axvi,507p.
942 _cTEXL
_h309.54, MAD
999 _c1378338
_d1378338